1917 1460 1768 1320 1573 1297 1110 1380 1600 1170 1057 1531 1045 1669 1652 1789 1226 1146 1627 1404 1602 1188 1805 1170 1778 1716 1667 1066 1131 1713 1568 1351 1752 1788 1964 1579 1893 1278 1334 1102 1790 1947 1065 1168 1748 1979 1384 1110 1828 1514 1090 1357 1860 1680 1084 1305 1600 1330 1263 1862 1381 1328 1171 1901 1337 1790 1508 1409 1782 1560 1872 1740 1116 1137 1570 1391 1840 1716 1158 1009 1031 1922 1945 1906 1420 1593 1330 1764 1404 1826 1900 1924 1937 1751 1255 1590 1558 1826 1843 BCNSPRNW ULIB Ver.6.0+V

เปลี่ยนเป็นภาษาไทย

Change to English
 แสดงรายละเอียดบรรณานุกรม
  กลับหน้าหลัก

Brief Record : Get Marc (ISO 2709) : E-mail record : QR code < ปิดหน้าต่าง
LEADER : 00000nam 2200000uu 4500
001    13399109599
003     ULIB
008    110405s2551||||th 000 0 tha d
020    9789740427889
060 04 WB535^bต291ค 2551
100 0  ต้าวสือ
245 10 คู่มือนวดเพื่อเสริมสุขภาพประจำครอบครัว /^cเรียบเรียงโดยต้าวสือ
260    กรุงเทพฯ :^bแสงดาว,^c2551
300    128 หน้า :^bภาพประกอบ ;^c21 ซม.
650  7 การนวด^vคู่มือ
945    ^p100^l0^i024885
945    ^p100^l0^i024884
995    ทศพร
999 ^a ใช้งานได้ทุกระบบ
รายการนี้ยังไม่มีแท็ก
คุณยังไม่ได้ล็อกอิน คุณสามารถมีกิจกรรมร่วมกับเว็บไซต์ได้ แต่ต้องล็อกอินก่อน ::
  ล็อกอิน

รายการสื่อสารสนเทศ

ลำดับที่ ประเภท เลขเรียก/บาร์โค้ด สถานที่ สถานะ
- ไม่พบข้อมูล -

รายการใกล้เคียง
    ผู้แต่ง [ต้าวสือ]

BibComment


ยังไม่เคยถูกคอมเมนท์

คอมเมนท์ทรัพยากรรายการนี้
  คอมเมนท์: คู่มือนวดเพื่อเสร..


 Copyright 2026. Bcnsprnw @Library